[Event "6. OPEN International Ch of Vojvodina 20"]
[Site "Novi Sad"]
[Date "2015.07.25"]
[Round "1"]
[Board "26"]
[White "Vlaisavljevic, Ilija"]
[Black "Nomin-Erdene, Davaademberel"]
[Result "0-1"]
[WhiteElo "1926"]
[BlackElo "2303"]
[PlyCount "60"]
[EventDate "2015.07.25"]
[EventRounds "9"]
[EventCountry "SRB"]

1. d4 d5 2. c4 c6 3. Nc3 Nf6 4. h3 dxc4 5. e4 b5 6. a3 e6 7. Nf3 Be7 8. Be2 O-O
9. Ne5 Bb7 10. O-O a6 11. Ng4 Nbd7 12. e5 Nxg4 13. Bxg4 c5 14. Be3 cxd4 15.
Bxd4 Bc5 16. Bxc5 Nxc5 17. Qe2 Nd3 18. Rad1 Qb6 19. Bf3 Bxf3 20. gxf3 Qd4 21.
Rfe1 Qh4 22. Qf1 Nxe1 23. Rxe1 Qf4 24. Re4 Qxf3 25. Re3 Qf4 26. Ne2 Qg5+ 27.
Kh2 Rad8 28. f4 Qf5 29. Ng3 Qc2+ 30. Re2 Rd2 0-1

[Event "6. OPEN International Ch of Vojvodina 20"]
[Site "Novi Sad"]
[Date "2015.07.25"]
[Round "1"]
[Board "27"]
[White "Nikolovski, Nikola"]
[Black "Aleksic, Zvonimir"]
[Result "1/2-1/2"]
[WhiteElo "2293"]
[BlackElo "1916"]
[PlyCount "86"]
[EventDate "2015.07.25"]
[EventRounds "9"]
[EventCountry "SRB"]

1. e4 e5 2. Nf3 Nf6 3. d4 Nxe4 4. dxe5 d5 5. Be2 Be7 6. O-O O-O 7. b3 c5 8. Bb2
Nc6 9. Nc3 Nxc3 10. Bxc3 Bf5 11. Qd2 d4 12. Bb2 Nb4 13. Rfc1 Nxc2 14. Rxc2 d3
15. Qf4 Qc8 16. Nd4 Bg6 17. Bxd3 Bxd3 18. Rd2 Bg6 19. Nb5 Qc6 20. Nd6 h6 21.
Qc4 Rad8 22. Rad1 Bxd6 23. exd6 Rd7 24. Rd5 Re8 25. f3 b6 26. g4 Kh7 27. Kf2 f6
28. R5d2 Bf7 29. Qf4 b5 30. h4 c4 31. bxc4 bxc4 32. Bc3 Re6 33. Qf5+ Kg8 34.
Qf4 Bg6 35. Rd4 Bd3 36. Bb4 Re2+ 37. Kg3 Qa4 38. R4xd3 cxd3 39. Qc4+ Kh8 40.
Rxd3 Re8 41. Qc5 Qa6 42. Rd2 Qb6 43. Qf5 Qb7 1/2-1/2

[Event "6. OPEN International Ch of Vojvodina 20"]
[Site "Novi Sad"]
[Date "2015.07.25"]
[Round "1"]
[Board "28"]
[White "Aydincelebi, Kagan"]
[Black "Leroy, Didier"]
[Result "0-1"]
[WhiteElo "1910"]
[BlackElo "2290"]
[PlyCount "108"]
[EventDate "2015.07.25"]
[EventRounds "9"]
[EventCountry "SRB"]

1. e4 e5 2. Nf3 Nc6 3. Nc3 Nf6 4. d4 exd4 5. Nxd4 Bb4 6. Nxc6 bxc6 7. Bd3 O-O
8. O-O d5 9. exd5 cxd5 10. h3 c6 11. Qf3 Rb8 12. Bf4 Bd6 13. b3 Rb4 14. Bxd6
Qxd6 15. Ne2 a5 16. Qg3 Rd8 17. c3 Rb6 18. Qxd6 Rxd6 19. c4 Rb4 20. cxd5 cxd5
21. Rac1 Bd7 22. Rc5 a4 23. bxa4 Rxa4 24. Rc2 g6 25. Rb1 Kg7 26. Nc3 Ra3 27.
Rb3 Ra5 28. Nb5 Rda6 29. Rc7 Rxa2 30. Nc3 Ra1+ 31. Kh2 R6a3 32. Rxa3 Rxa3 33.
Bf1 Be6 34. Nb5 Ra4 35. Ra7 Rb4 36. Nc7 Bc8 37. Ra5 Bb7 38. Rb5 Rxb5 39. Bxb5
Ne4 40. f3 Nc3 41. Bd3 Kf6 42. Kg3 Ke5 43. Kf2 Kd4 44. Bf1 Bc6 45. Na6 Nd1+ 46.
Ke1 Ne3 47. Nb4 Ba4 48. g3 Kc3 49. Na2+ Kb2 50. Nb4 Nc2+ 51. Nxc2 Kxc2 52. Be2
Kc3 53. Ba6 d4 54. Ke2 Bc2 0-1

[Event "6. OPEN International Ch of Vojvodina 20"]
[Site "Novi Sad"]
[Date "2015.07.25"]
[Round "1"]
[Board "29"]
[White "Banas, Jan"]
[Black "Castven, Samuel"]
[Result "1-0"]
[WhiteElo "2279"]
[BlackElo "1906"]
[PlyCount "29"]
[EventDate "2015.07.25"]
[EventRounds "9"]
[EventCountry "SRB"]

1. c4 e5 2. Nc3 f5 3. d4 exd4 4. Qxd4 Nc6 5. Qe3+ Qe7 6. Nd5 Qxe3 7. Bxe3 Kd8
8. O-O-O Ne5 9. Bf4 Ng4 10. Bxc7+ Ke8 11. Bg3 Kf7 12. Nf3 Bc5 13. e3 a5 14. Bd3
g6 15. Ne5+ 1-0

[Event "6. OPEN International Ch of Vojvodina 20"]
[Site "Novi Sad"]
[Date "2015.07.25"]
[Round "1"]
[Board "30"]
[White "Grcic, Vukasin"]
[Black "Tancik, Kristijan"]
[Result "0-1"]
[WhiteElo "1905"]
[BlackElo "2279"]
[PlyCount "54"]
[EventDate "2015.07.25"]
[EventRounds "9"]
[EventCountry "SRB"]

1. e4 c5 2. Nf3 d6 3. d4 cxd4 4. Nxd4 Nf6 5. f3 e5 6. Bb5+ Nbd7 7. Nf5 d5 8.
exd5 a6 9. Ba4 b5 10. Bb3 a5 11. a4 Nc5 12. Ne3 Nxb3 13. cxb3 b4 14. Nc4 Bc5
15. Be3 Bxe3 16. Nxe3 O-O 17. O-O Bb7 18. Re1 Nxd5 19. Nxd5 Bxd5 20. Rxe5 Bxb3
21. Qxd8 Rfxd8 22. Kf2 Rd1 23. Re2 Rad8 24. f4 f6 25. Ke3 Re8+ 26. Kf2 Rxe2+
27. Kxe2 Bc2 0-1

[Event "6. OPEN International Ch of Vojvodina 20"]
[Site "Novi Sad"]
[Date "2015.07.25"]
[Round "1"]
[Board "32"]
[White "Kumic, Filip"]
[Black "Ratic, Zoran"]
[Result "1-0"]
[WhiteElo "2253"]
[BlackElo "1905"]
[PlyCount "63"]
[EventDate "2015.07.25"]
[EventRounds "9"]
[EventCountry "SRB"]

1. d4 Nf6 2. Nf3 d5 3. c4 e6 4. g3 c6 5. Bg2 g6 6. O-O Bg7 7. Qc2 O-O 8. Nbd2
Nbd7 9. e4 Nxe4 10. Nxe4 dxe4 11. Qxe4 Nf6 12. Qe2 Qa5 13. Bd2 Qh5 14. Rfe1 Rd8
15. Bc3 Ne8 16. h3 f5 17. Rad1 Nd6 18. Bd2 h6 19. Ba5 Re8 20. Qc2 g5 21. Ne5
Bxe5 22. dxe5 Nf7 23. Bc7 Re7 24. Bd8 Nxd8 25. Rxd8+ Kg7 26. Qd2 Qf7 27. Rd1
Rc7 28. f4 Kg6 29. fxg5 hxg5 30. h4 gxh4 31. gxh4 Kh7 32. Rh8+ 1-0

[Event "6. OPEN International Ch of Vojvodina 20"]
[Site "Novi Sad"]
[Date "2015.07.25"]
[Round "1"]
[Board "33"]
[White "Obradovic, Milorad"]
[Black "Pezelj, Sinisa"]
[Result "0-1"]
[WhiteElo "1901"]
[BlackElo "2253"]
[PlyCount "92"]
[EventDate "2015.07.25"]
[EventRounds "9"]
[EventCountry "SRB"]

1. e4 d5 2. e5 c5 3. f4 Nc6 4. Nf3 Bg4 5. c3 d4 6. d3 f6 7. exf6 gxf6 8. Be2
Qd5 9. O-O O-O-O 10. Na3 Nh6 11. Nc4 Rg8 12. Kh1 e5 13. fxe5 fxe5 14. Rf2 Kb8
15. cxd4 cxd4 16. Ng5 Bxe2 17. Qxe2 Be7 18. Ne4 Ng4 19. Rf3 b5 20. Na3 Rg6 21.
Bd2 Rdg8 22. Ng3 Bh4 23. Raf1 Nxh2 24. Rf8+ Nd8 25. Rxg8 Rxg8 26. Kxh2 Bxg3+
27. Kg1 Ne6 28. Rf3 Bf4 29. Rf2 Bxd2 30. Qxd2 Nf4 31. Kf1 Qxa2 32. Rxf4 exf4
33. Qxf4+ Kc8 34. Qxd4 Qf7+ 35. Kg1 Qf3 36. Qc5+ Kb8 37. Qc2 Qe3+ 38. Qf2 Qxd3
39. Qf4+ Ka8 40. Kh2 Qe2 41. Qf3+ Qxf3 42. gxf3 b4 43. Nc2 a5 44. Nd4 a4 45.
Nc6 b3 46. Ne7 Re8 0-1

[Event "6. OPEN International Ch of Vojvodina 20"]
[Site "Novi Sad"]
[Date "2015.07.25"]
[Round "1"]
[Board "34"]
[White "Marjanusic, Vladimir"]
[Black "Soklovacki, Mila"]
[Result "1/2-1/2"]
[WhiteElo "2250"]
[BlackElo "1901"]
[PlyCount "108"]
[EventDate "2015.07.25"]
[EventRounds "9"]
[EventCountry "SRB"]

1. e4 c5 2. Nf3 Nc6 3. Bb5 a6 4. Bxc6 dxc6 5. h3 e5 6. d3 Bd6 7. O-O Ne7 8. a4
b5 9. Nc3 Bb7 10. Ne2 O-O 11. g4 Ng6 12. Kh2 Bc8 13. Ng3 f6 14. Be3 Be6 15. Qd2
c4 16. d4 exd4 17. Nxd4 Bxg3+ 18. Kxg3 Qd6+ 19. f4 Rfd8 20. Rfd1 Bf7 21. Qe2
Qc7 22. Qf3 Re8 23. Nf5 Re6 24. Bc5 Rd8 25. Rxd8+ Qxd8 26. Rd1 Qc7 27. Nd6 Nf8
28. Qe3 Nd7 29. Qd4 Nxc5 30. Qxc5 Re7 31. Kf3 Bg6 32. Rd4 Bf7 33. h4 Rd7 34. h5
Re7 35. h6 Qa5 36. Nf5 Re8 37. Ne7+ Kh8 38. hxg7+ Kxg7 39. Nf5+ Kg6 40. c3 Qxa4
41. Ne7+ Kg7 42. g5 Qa1 43. gxf6+ Kh8 44. Rd2 Qh1+ 45. Kg3 Qe1+ 46. Qf2 Qxe4
47. Qd4 Qe1+ 48. Rf2 Qg1+ 49. Rg2 Qe1+ 50. Qf2 Qe6 51. Qd4 Qe1+ 52. Kg4 Qh1 53.
Kg3 Qe1+ 54. Rf2 Qg1+ 1/2-1/2

[Event "6. OPEN International Ch of Vojvodina 20"]
[Site "Novi Sad"]
[Date "2015.07.25"]
[Round "1"]
[Board "35"]
[White "Milanovic, Maja"]
[Black "Lundin, Jan"]
[Result "0-1"]
[WhiteElo "1900"]
[BlackElo "2245"]
[PlyCount "62"]
[EventDate "2015.07.25"]
[EventRounds "9"]
[EventCountry "SRB"]

1. e4 c6 2. d4 d5 3. exd5 cxd5 4. Bd3 Nc6 5. c3 Qc7 6. h3 g6 7. Nf3 Bf5 8. Bxf5
gxf5 9. O-O Nf6 10. Re1 e6 11. Qb3 a6 12. Bg5 Ne4 13. Bh4 Bg7 14. Nbd2 O-O 15.
Qd1 Ne7 16. Nf1 Ng6 17. Bg3 Qe7 18. Rc1 Rac8 19. Bh2 b5 20. Qb3 Rc4 21. N1d2
Rc6 22. a4 bxa4 23. Qxa4 Rb6 24. Qc2 Rc8 25. Ra1 Qb7 26. Ra2 Bh6 27. Rea1 Nf4
28. Nf1 Rb8 29. Rb1 Rb3 30. N3d2 Ne2+ 31. Kh1 Nxf2# 0-1

[Event "6. OPEN International Ch of Vojvodina 20"]
[Site "Novi Sad"]
[Date "2015.07.25"]
[Round "1"]
[Board "36"]
[White "Radovanovic, Mihajlo"]
[Black "Milinkovic, Nikola"]
[Result "1-0"]
[WhiteElo "2245"]
[BlackElo "1900"]
[PlyCount "61"]
[EventDate "2015.07.25"]
[EventRounds "9"]
[EventCountry "SRB"]

1. Nf3 Nf6 2. c4 g6 3. g3 Bg7 4. Bg2 d6 5. d4 O-O 6. O-O Nc6 7. d5 Na5 8. Qa4
c5 9. Bd2 b6 10. Bc3 Bd7 11. Qc2 Rb8 12. Nfd2 b5 13. b3 e5 14. dxe6 Bxe6 15.
cxb5 Rxb5 16. Na3 Rb8 17. Rad1 Nb7 18. Nac4 d5 19. Be5 d4 20. Bxb8 Qxb8 21. Nb2
Bf5 22. Qc4 Ne4 23. Na4 Qe5 24. Qa6 Nbd6 25. Qxa7 Bh6 26. Qa6 Bd7 27. Nb6 Be6
28. Nb1 Nf5 29. Qd3 Nfd6 30. Nc4 Nxc4 31. f4 1-0

[Event "6. OPEN International Ch of Vojvodina 20"]
[Site "Novi Sad"]
[Date "2015.07.25"]
[Round "1"]
[Board "39"]
[White "Tuturin, Sergey"]
[Black "Marjanovic, Ivan D"]
[Result "1-0"]
[WhiteElo "2242"]
[BlackElo "1889"]
[PlyCount "53"]
[EventDate "2015.07.25"]
[EventRounds "9"]
[EventCountry "SRB"]

1. e4 c6 2. d4 d5 3. f3 dxe4 4. fxe4 e5 5. Nf3 exd4 6. Bc4 Be6 7. Bxe6 fxe6 8.
O-O Nf6 9. Bg5 Be7 10. e5 Nd5 11. Bxe7 Qxe7 12. Qxd4 Nd7 13. Nc3 O-O 14. Nxd5
exd5 15. c4 Nb6 16. c5 Nd7 17. b4 Rae8 18. Rae1 Rf5 19. e6 Nf8 20. Qg4 Qf6 21.
Nd4 Rg5 22. Qd1 Qg6 23. Qf3 Rh5 24. e7 Nd7 25. Nf5 Nf6 26. Nd6 Rb8 27. Re6 1-0

[Event "6. OPEN International Ch of Vojvodina 20"]
[Site "Novi Sad"]
[Date "2015.07.25"]
[Round "1"]
[Board "40"]
[White "Nikula, Mikko"]
[Black "Sohier, Julien"]
[Result "0-1"]
[WhiteElo "1875"]
[BlackElo "2239"]
[PlyCount "32"]
[EventDate "2015.07.25"]
[EventRounds "9"]
[EventCountry "SRB"]

1. e4 e5 2. d4 exd4 3. Qxd4 Nc6 4. Qe3 Nf6 5. e5 Ng4 6. Qe4 d5 7. exd6+ Be6 8.
Ba6 Nf6 9. Qa4 Qb8 10. Bf4 Bxd6 11. Bxd6 cxd6 12. Nc3 O-O 13. O-O-O d5 14. Nge2
d4 15. Nb1 Ne4 16. Rhf1 Nc5 0-1

[Event "6. OPEN International Ch of Vojvodina 20"]
[Site "Novi Sad"]
[Date "2015.07.28"]
[Round "6"]
[Board "1"]
[White "Lukovic, Vladimir"]
[Black "Atalik, Suat"]
[Result "1/2-1/2"]
[WhiteElo "2417"]
[BlackElo "2564"]
[PlyCount "86"]
[EventDate "2015.07.25"]
[EventRounds "9"]
[EventCountry "SRB"]

1. e4 e5 2. Nf3 Nc6 3. Bb5 Nf6 4. O-O Nxe4 5. d4 Be7 6. Re1 Nd6 7. dxe5 Nxb5 8.
a4 d6 9. axb5 Nxe5 10. Nxe5 dxe5 11. Qxd8+ Kxd8 12. Rxe5 Bd6 13. Re2 Bg4 14. f3
Bf5 15. Na3 Re8 16. Rxe8+ Kxe8 17. Be3 Bxa3 18. bxa3 a6 19. Bf4 axb5 20. Bxc7
b4 21. Bd6 bxa3 22. Rxa3 Rxa3 23. Bxa3 Bxc2 24. Kf2 Bd3 25. Ke3 Bf1 26. g3 Kd7
27. h4 g6 28. f4 Bh3 29. Kd4 Ke6 30. Bb4 Kf5 31. Ke3 Bg2 32. Ba3 Kg4 33. Kf2
Be4 34. Bb4 h5 35. Ba3 b5 36. Bb4 f5 37. Bd6 Bd5 38. Be7 Bf7 39. Bd6 Bd5 40.
Be7 g5 41. Bxg5 b4 42. Bf6 b3 43. Be5 Be4 1/2-1/2

[Event "6. OPEN International Ch of Vojvodina 20"]
[Site "Novi Sad"]
[Date "2015.07.28"]
[Round "6"]
[Board "2"]
[White "Kadric, Denis"]
[Black "Cabarkapa, Novak"]
[Result "0-1"]
[WhiteElo "2511"]
[BlackElo "2377"]
[PlyCount "48"]
[EventDate "2015.07.25"]
[EventRounds "9"]
[EventCountry "SRB"]

1. e4 e6 2. d4 d5 3. Nd2 c5 4. exd5 Qxd5 5. Ngf3 cxd4 6. Bc4 Qd7 7. O-O Nc6 8.
Nb3 Nf6 9. Qe2 a6 10. a4 Bd6 11. Rd1 O-O 12. Nbxd4 Nxd4 13. Rxd4 Qc7 14. Bd3 e5
15. Rh4 g6 16. Bg5 Nd5 17. g3 Re8 18. Rd1 Be6 19. Be4 Nb6 20. Bxb7 Qxb7 21.
Rxd6 Bd5 22. Qe3 Bxf3 23. Qxb6 Qxb6 24. Rxb6 Rad8 0-1

[Event "6. OPEN International Ch of Vojvodina 20"]
[Site "Novi Sad"]
[Date "2015.07.28"]
[Round "6"]
[Board "3"]
[White "Drazic, Sinisa"]
[Black "Velikic, Adela"]
[Result "1-0"]
[WhiteElo "2439"]
[BlackElo "2128"]
[PlyCount "49"]
[EventDate "2015.07.25"]
[EventRounds "9"]
[EventCountry "SRB"]

1. e4 c6 2. d3 d5 3. Nd2 e5 4. Ngf3 Bd6 5. d4 exd4 6. exd5 c5 7. c3 Qe7+ 8. Qe2
dxc3 9. Nc4 Qxe2+ 10. Bxe2 Be7 11. bxc3 Nf6 12. d6 Bd8 13. Nfe5 O-O 14. Bf3
Nfd7 15. O-O Nxe5 16. Nxe5 Bf6 17. Bf4 Nd7 18. Rfe1 Rb8 19. Rad1 Bd8 20. h3
Nxe5 21. Rxe5 Be6 22. Rxc5 b6 23. d7 bxc5 24. Bxb8 Bb6 25. Bxa7 1-0

[Event "6. OPEN International Ch of Vojvodina 20"]
[Site "Novi Sad"]
[Date "2015.07.28"]
[Round "6"]
[Board "4"]
[White "Nadj Hedjesi, Balind"]
[Black "Saric, Sinisa"]
[Result "1/2-1/2"]
[WhiteElo "2410"]
[BlackElo "2420"]
[PlyCount "159"]
[EventDate "2015.07.25"]
[EventRounds "9"]
[EventCountry "SRB"]

1. d4 Nf6 2. Nf3 g6 3. Bg5 Bg7 4. Nbd2 O-O 5. e4 d5 6. exd5 Nxd5 7. Nb3 h6 8.
Bd2 Nd7 9. c4 N5f6 10. Be2 e6 11. Qc1 h5 12. O-O b6 13. c5 Nd5 14. Bh6 Bxh6 15.
Qxh6 Bb7 16. Rac1 Ne7 17. Ng5 Nf6 18. Bd3 Bd5 19. Nd2 Nf5 20. Bxf5 exf5 21.
Ndf3 Re8 22. Rfe1 Rxe1+ 23. Rxe1 Bxa2 24. Nh3 Bd5 25. Ne5 Qf8 26. Qc1 a5 27.
Nf4 Rd8 28. cxb6 cxb6 29. Qc7 Qd6 30. Nxd5 Qxd5 31. Nc6 Rd7 32. Ne7+ Rxe7 33.
Qxe7 Qxd4 34. Qe5 Qxe5 35. Rxe5 Kf8 36. Kf1 Nd7 37. Re3 Nc5 38. Ke2 Na4 39. Rb3
Ke7 40. Kd2 Kd6 41. Kc2 Kc6 42. Re3 Kd6 43. Rd3+ Kc7 44. f3 Nc5 45. Re3 Ne6 46.
Rd3 Nc5 47. Rc3 Kd6 48. g3 Kd7 49. Kd2 Kd6 50. Ke3 Kd5 51. Kd2 Kd6 52. Re3 Ne6
53. Kc3 Kd5 54. f4 Kc6 55. Re5 h4 56. Kc4 hxg3 57. hxg3 Nc5 58. Re7 Ne4 59. Kd4
Nxg3 60. Rxf7 Nh5 61. Ke5 Kc5 62. Rc7+ Kb4 63. Rc6 b5 64. Rxg6 Kb3 65. Rg5 Nxf4
66. Kxf4 Kxb2 67. Rxf5 b4 68. Rxa5 b3 69. Ke3 Kc2 70. Rc5+ Kd1 71. Rb5 Kc2 72.
Rc5+ Kd1 73. Rd5+ Kc2 74. Rd2+ Kc3 75. Rd3+ Kc2 76. Rd2+ Kc3 77. Rd8 b2 78.
Rc8+ Kb3 79. Kd4 b1=Q 80. Rb8+ 1/2-1/2

[Event "6. OPEN International Ch of Vojvodina 20"]
[Site "Novi Sad"]
[Date "2015.07.28"]
[Round "6"]
[Board "5"]
[White "Pantelic, Sasa"]
[Black "Lajthajm, Borko"]
[Result "0-1"]
[WhiteElo "2324"]
[BlackElo "2443"]
[PlyCount "31"]
[EventDate "2015.07.25"]
[EventRounds "9"]
[EventCountry "SRB"]

1. d4 Nf6 2. c4 e6 3. Nc3 Bb4 4. e3 b6 5. Nge2 c5 6. a3 Ba5 7. Rb1 Qe7 8. Bd2
O-O 9. b4 cxb4 10. Nb5 Nc6 11. Nc7 Rb8 12. d5 Ne4 13. dxc6 Nxd2 14. Rxb4 Bxb4
15. axb4 Ne4 16. Qb1 0-1

[Event "6. OPEN International Ch of Vojvodina 20"]
[Site "Novi Sad"]
[Date "2015.07.28"]
[Round "6"]
[Board "6"]
[White "Radovanovic, Nikola"]
[Black "Mihalj, Miroslav M"]
[Result "1-0"]
[WhiteElo "2420"]
[BlackElo "2216"]
[PlyCount "85"]
[EventDate "2015.07.25"]
[EventRounds "9"]
[EventCountry "SRB"]

1. d4 d5 2. c4 Bf5 3. Nc3 e6 4. Bf4 Bd6 5. Bxd6 Qxd6 6. cxd5 exd5 7. Qb3 Nc6 8.
e3 Nge7 9. Rc1 O-O 10. Nf3 a6 11. Be2 h6 12. O-O b6 13. a3 Rfd8 14. Qa2 Rd7 15.
b4 b5 16. Rfd1 Rad8 17. Nd2 Qg6 18. Kh1 Rd6 19. Nb3 Rf6 20. Nc5 Bc8 21. Bf3 Bg4
22. Bxg4 Qxg4 23. Nxa6 Rg6 24. f3 Qg5 25. f4 Qg4 26. Nxc7 Nf5 27. N3xd5 Kh8 28.
Qf2 Qh5 29. Re1 Ng3+ 30. Kg1 Ne4 31. Qc2 f5 32. Qe2 Qh4 33. Nc3 Rxd4 34. Nxe4
Rxe4 35. Qf2 Qd8 36. Nxb5 Qd3 37. Nc3 Rc4 38. Qc2 Qd7 39. Qe2 Qf7 40. Qd3 Kh7
41. Qd5 Qb7 42. Qxc4 Ne5 43. Qd5 1-0

[Event "6. OPEN International Ch of Vojvodina 20"]
[Site "Novi Sad"]
[Date "2015.07.28"]
[Round "6"]
[Board "7"]
[White "Parnicki, Zlatko"]
[Black "Martic, Ivan"]
[Result "0-1"]
[WhiteElo "2071"]
[BlackElo "2383"]
[PlyCount "136"]
[EventDate "2015.07.25"]
[EventRounds "9"]
[EventCountry "SRB"]

1. e4 c5 2. Nf3 d6 3. c3 Nf6 4. Be2 g6 5. Qc2 Qc7 6. O-O Bg7 7. h3 O-O 8. d4
cxd4 9. Nxd4 a6 10. Be3 Nbd7 11. f3 d5 12. exd5 Nxd5 13. Bf2 b6 14. Nd2 Nf4 15.
Rfe1 Nxe2+ 16. Rxe2 e6 17. Ne4 Bb7 18. Rd1 Rac8 19. Kh1 Bd5 20. a3 Nc5 21. Nxc5
bxc5 22. Nb3 c4 23. Nd2 Rcd8 24. Nf1 e5 25. Red2 Be6 26. Ng3 Rxd2 27. Qxd2 h5
28. Ne4 Bf5 29. Be3 Rb8 30. Qc2 Rd8 31. Rxd8+ Qxd8 32. Qd2 Qxd2 33. Nxd2 Bd3
34. Kg1 f5 35. Kf2 Kf7 36. h4 f4 37. Bc5 Bf6 38. g3 fxg3+ 39. Kxg3 g5 40. b3
gxh4+ 41. Kf2 cxb3 42. Nxb3 h3 43. Kg3 Bf1 44. Nd2 Bg2 45. Ne4 Bd8 46. Be3 h4+
47. Kf2 Ke6 48. c4 Ba5 49. c5 Kd5 50. Bg5 Bh1 51. Bxh4 Kc4 52. Bg3 Kd5 53. Bh2
Bd8 54. Kg3 Be7 55. Bg1 Bg2 56. Be3 a5 57. Nf2 Bxc5 58. Bxc5 Kxc5 59. Nxh3 Bf1
60. Ng5 Kd4 61. Kf2 Bd3 62. Ne6+ Kd5 63. Ke3 Bb1 64. Ng5 a4 65. Nf7 Bg6 66.
Nxe5 Kxe5 67. f4+ Kd5 68. Kd2 Kc4 0-1

[Event "6. OPEN International Ch of Vojvodina 20"]
[Site "Novi Sad"]
[Date "2015.07.28"]
[Round "6"]
[Board "8"]
[White "Mrkonjic, Nenad"]
[Black "Nomin-Erdene, Davaademberel"]
[Result "0-1"]
[WhiteElo "2380"]
[BlackElo "2303"]
[PlyCount "92"]
[EventDate "2015.07.25"]
[EventRounds "9"]
[EventCountry "SRB"]

1. d4 d5 2. Nf3 Nf6 3. c4 c6 4. Nc3 dxc4 5. a4 Bf5 6. e3 e6 7. Bxc4 Bb4 8. O-O
Nbd7 9. Bd2 Nb6 10. Bb3 a5 11. Bc2 Bg4 12. h3 Bh5 13. Bd3 O-O 14. Qc2 Bxf3 15.
gxf3 Rc8 16. Rfd1 c5 17. dxc5 Rxc5 18. Be1 Qc7 19. Bf1 Bxc3 20. Bxc3 Nfd5 21.
Ra3 Rc8 22. f4 g6 23. Bb5 Nxc3 24. Rxc3 Rxc3 25. Qxc3 Qxc3 26. bxc3 Rxc3 27.
Rd8+ Kg7 28. Rd6 Nd5 29. Rd7 b6 30. Rb7 Rc7 31. Rb8 Kf6 32. Kg2 Ke7 33. Kf3 f5
34. Rh8 Kd6 35. Re8 Nc3 36. Rd8+ Kc5 37. Be8 Ne4 38. Bb5 Kb4 39. Rd4+ Ka3 40.
Rd3+ Rc3 41. Rxc3+ Nxc3 42. Bd7 Nxa4 43. Bxe6 Nc5 44. Bg8 Nd7 45. Ke2 b5 46.
Kd2 Kb2 0-1

[Event "6. OPEN International Ch of Vojvodina 20"]
[Site "Novi Sad"]
[Date "2015.07.28"]
[Round "6"]
[Board "9"]
[White "Nestorovic, Dejan"]
[Black "Radovanovic, Mihajlo"]
[Result "0-1"]
[WhiteElo "2408"]
[BlackElo "2245"]
[PlyCount "86"]
[EventDate "2015.07.25"]
[EventRounds "9"]
[EventCountry "SRB"]

1. d4 d5 2. Nc3 Nf6 3. Bg5 Bf5 4. f3 Nbd7 5. Nxd5 Nxd5 6. e4 h6 7. Bh4 c5 8.
exd5 Qb6 9. g4 Bh7 10. dxc5 Nxc5 11. Qe2 a6 12. b3 e6 13. Qd2 Rc8 14. Bf2 Qd6
15. Be2 Be7 16. Kf1 O-O 17. Rd1 Rfd8 18. c4 exd5 19. cxd5 Bg5 20. Be3 Bxe3 21.
Qxe3 Re8 22. Qd4 Bc2 23. Rc1 Bg6 24. Rd1 Nd7 25. Rd2 Rc1+ 26. Kg2 h5 27. Nh3
Rxh1 28. Kxh1 hxg4 29. Qxg4 Qc7 30. Qd4 Qc1+ 31. Ng1 Nf6 32. Rd1 Qg5 33. d6 Bf5
34. Qd2 Qh4 35. Qd4 Qh5 36. Qf4 Bd7 37. Kg2 Nd5 38. Qg3 Ne3+ 39. Kh1 Nxd1 40.
Bxd1 Bc6 41. Qf4 Qg6 42. Be2 Re6 43. Bc4 Re1 0-1

[Event "6. OPEN International Ch of Vojvodina 20"]
[Site "Novi Sad"]
[Date "2015.07.28"]
[Round "6"]
[Board "10"]
[White "Leskur, Dejan"]
[Black "Kumic, Filip"]
[Result "1/2-1/2"]
[WhiteElo "2384"]
[BlackElo "2253"]
[PlyCount "83"]
[EventDate "2015.07.25"]
[EventRounds "9"]
[EventCountry "SRB"]

1. Nf3 Nf6 2. d4 e6 3. e3 d5 4. Bd3 c5 5. b3 Nc6 6. Bb2 cxd4 7. exd4 Bb4+ 8. c3
Bd6 9. O-O O-O 10. Re1 Qc7 11. c4 dxc4 12. bxc4 Rd8 13. Nbd2 b6 14. Rc1 Ne7 15.
Qe2 Ng6 16. g3 Qe7 17. Ne4 Bb4 18. Nxf6+ gxf6 19. Red1 Bb7 20. Ba1 Rac8 21. Qe3
e5 22. d5 Ba3 23. Rb1 Bc5 24. Qh6 Qf8 25. Qh5 Qg7 26. Bf5 Rb8 27. Nd2 Ba6 28.
Ne4 Bxc4 29. Nxc5 bxc5 30. Rxb8 Rxb8 31. Qg4 Bxa2 32. d6 Nf8 33. Qa4 Be6 34.
Qxa7 Bxf5 35. Qxb8 Qg4 36. Qb3 c4 37. f3 cxb3 38. fxg4 Bxg4 39. Rd5 Be6 40. Rb5
Nd7 41. Kf2 Kg7 42. Bb2 1/2-1/2

[Event "6. OPEN International Ch of Vojvodina 20"]
[Site "Novi Sad"]
[Date "2015.07.28"]
[Round "6"]
[Board "11"]
[White "Costachi, Mihnea"]
[Black "Kovacevic, Sinisa"]
[Result "1-0"]
[WhiteElo "2360"]
[BlackElo "2236"]
[PlyCount "71"]
[EventDate "2015.07.25"]
[EventRounds "9"]
[EventCountry "SRB"]

1. d4 Nf6 2. c4 e6 3. Nf3 d5 4. Nc3 c6 5. cxd5 exd5 6. Bg5 Be7 7. Qc2 O-O 8. e3
Nbd7 9. Bd3 Re8 10. h3 Nf8 11. O-O Ng6 12. Ne5 Nd7 13. Bxe7 Qxe7 14. f4 Ndxe5
15. dxe5 Nf8 16. Rae1 f6 17. exf6 Qxf6 18. Kh1 Qh4 19. f5 Nd7 20. e4 Nc5 21.
Re2 dxe4 22. Nxe4 Nxe4 23. Rxe4 Rxe4 24. Bxe4 Bd7 25. Qb3+ Kh8 26. Qxb7 Rf8 27.
Qxd7 Qxe4 28. Qxa7 Qc4 29. Kg1 h6 30. b3 Qc3 31. Qf2 Rf6 32. Qf3 Qb2 33. a4 c5
34. Qd5 Qc3 35. Rf3 Qb4 36. Re3 1-0

[Event "6. OPEN International Ch of Vojvodina 20"]
[Site "Novi Sad"]
[Date "2015.07.28"]
[Round "6"]
[Board "12"]
[White "Desnica, Vladan"]
[Black "Bergez, Luc"]
[Result "1-0"]
[WhiteElo "2253"]
[BlackElo "2341"]
[PlyCount "47"]
[EventDate "2015.07.25"]
[EventRounds "9"]
[EventCountry "SRB"]

1. d4 Nf6 2. c4 c5 3. d5 b5 4. Qc2 bxc4 5. e4 d6 6. Nf3 g6 7. h3 Bg7 8. Bxc4
O-O 9. O-O Ba6 10. Na3 Qb6 11. Rb1 Bxc4 12. Nxc4 Qa6 13. b3 Nbd7 14. Bb2 Nb6
15. Rfe1 Rab8 16. Ba1 Rfc8 17. Nfd2 Na8 18. e5 Nxd5 19. exd6 Bxa1 20. Rxa1 exd6
21. Ne4 Nb4 22. Qc3 d5 23. Nf6+ Kh8 24. Nxd5+ 1-0

[Event "6. OPEN International Ch of Vojvodina 20"]
[Site "Novi Sad"]
[Date "2015.07.28"]
[Round "6"]
[Board "13"]
[White "Nestorovic, Lazar"]
[Black "Jovicic, Radosav"]
[Result "0-1"]
[WhiteElo "2337"]
[BlackElo "2207"]
[PlyCount "116"]
[EventDate "2015.07.25"]
[EventRounds "9"]
[EventCountry "SRB"]

1. e4 c5 2. Nf3 e6 3. d4 cxd4 4. Nxd4 a6 5. Nc3 Qc7 6. Bd3 Nc6 7. Nb3 Nf6 8.
O-O b5 9. Qe2 Be7 10. f4 d6 11. Bd2 O-O 12. Rae1 b4 13. Nd1 e5 14. Ne3 Be6 15.
f5 Bc8 16. Nd5 Qd8 17. Nxe7+ Qxe7 18. g4 Ne8 19. g5 Qd8 20. Qh5 a5 21. Rf3 Ra7
22. Rh3 h6 23. Bc4 Kh8 24. Rh4 Ne7 25. Bxf7 Nxf5 26. exf5 Rfxf7 27. gxh6 g6 28.
fxg6 Rf5 29. g7+ Kh7 30. Rg4 Nf6 31. Qg6+ Kg8 32. Nd4 Rh5 33. Rg3 Rf7 34. Bg5
Qb6 35. c3 bxc3 36. bxc3 Qb2 37. Qc2 Qxc2 38. Nxc2 Nh7 39. Bd2 Bb7 40. Rb1 Nf6
41. Be1 Rxh6 42. Rb6 Nd5 43. Rb5 Nf4 44. Rxb7 Rxb7 45. Ne3 Ne2+ 46. Kg2 Nxg3
47. Bxg3 Kxg7 48. Nf5+ Kh7 49. a4 Rf6 50. Ne3 Rb2+ 51. Kh3 Ra2 52. Nd5 Rh6+ 53.
Kg4 Rxa4+ 54. Kf5 Ra1 55. c4 a4 56. c5 dxc5 57. Bxe5 Rh5+ 58. Ke6 Re1 0-1